Design and analysis: A researcher's handbook

Gespeichert in:
Bibliographische Detailangaben
1. Verfasser: Geoffrey Keppel
Format: Buch
Sprache:Undetermined
Veröffentlicht: Englewood Cliffs, New Jersey Prentice-Hall 1982
Schlagworte:
Tags: Tag hinzufügen
Keine Tags, Fügen Sie den ersten Tag hinzu!
Thư viện lưu trữ: Trung tâm Học liệu Trường Đại học Cần Thơ
LEADER 00585nam a2200181Ia 4500
001 CTU_42971
008 210402s9999 xx 000 0 und d
082 |a 300.72 
082 |b K26 
100 |a Geoffrey Keppel 
245 0 |a Design and analysis: A researcher's handbook 
245 0 |c Geoffrey Keppel 
260 |a Englewood Cliffs, New Jersey 
260 |b Prentice-Hall 
260 |c 1982 
650 |a factorial experiment design,social science - statistical methods,social sciences - research 
904 |i Minh, 010821 
980 |a Trung tâm Học liệu Trường Đại học Cần Thơ